1779 1538 1771 1404 1836 1720 1809 1093 1130 1119 1163 1886 1170 1149 1061 1902 1367 1701 1832 1497 1962 1420 1045 1030 1329 1177 1488 1855 1671 1162 1119 1573 1503 1624 1378 1001 1338 1109 1935 1559 1288 1756 1800 1434 1615 1202 1660 1220 1048 1497 1966 1766 1920 1687 1013 1117 1983 1078 1483 1252 1109 1832 1229 1933 1896 1705 1928 1164 1344 1701 1097 1661 1691 1863 1252 1271 1569 1131 1154 1077 1494 1912 1251 1268 1928 1955 1787 1105 1354 1651 1083 1969 1024 1451 1164 1230 1310 1079 1217 BCNSPRNW ULIB Ver.6.0+V

เปลี่ยนเป็นภาษาไทย

Change to English
 แสดงรายละเอียดบรรณานุกรม
  กลับหน้าหลัก

Brief Record : Get Marc (ISO 2709) : E-mail record : QR code < ปิดหน้าต่าง
LEADER : 00000nam a2200000 a 4500
001    13399128739
003     ULIB
008    230428s2565 th a 000 0 tha d
020    ^a9786165907828
040    ^anss
060 04 ^aWM430^bพ887ก 2565
100 0  ^aเพ็ญนภา กุลนภาดล
245 10 ^aการปรึกษาครอบครัว =^bFamily conseling /^cเพ็ญนภา กุลนภาดล
246 31 ^aFamily conseling
250    ^aพิมพ์ครั้งที่ 4 ฉบับปรับปรุงครั้งที่ 2
260    ^aชลบุรี :^bภาควิชาวิจัยและจิตวิทยาประยุกต์ คณะศึกษาศาสตร์มหาวิทยาลัยบูรพา,^c2565
300    ^aก-จ, 244 หน้า :^bภาพประกอบ ;^c25 ซม.
650  4 ^aการให้คำปรึกษาครอบครัว
650  4 ^aครอบครัว^xแง่จิตวิทยา
650  4 ^aจิตบำบัดครอบครัว
710 2  ^aมหาวิทยาลัยบูรพา.^bคณะศึกษาศาสตร์.^bภาควิชาวิจัยและจิตวิทยาประยุกต์
945    ^p250^l0^i30203
945    ^p250^l0^i30204
995    ^aกัณชพร
999    ^aกัณชพร
รายการนี้ยังไม่มีแท็ก
คุณยังไม่ได้ล็อกอิน คุณสามารถมีกิจกรรมร่วมกับเว็บไซต์ได้ แต่ต้องล็อกอินก่อน ::
  ล็อกอิน

รายการสื่อสารสนเทศ

ลำดับที่ ประเภท เลขเรียก/บาร์โค้ด สถานที่ สถานะ
1. หนังสือสำรอง
หนังสือสำรอง
WM430 พ887ก 2565 ฉ.1 
  Barcode: 30203
ห้องสมุดวิทยาเขตนครสวรรค์
►หนังสือทั่วไป:l:General Books
บนชั้น
2. วิทยาศาสตร์การแพทย์ และสุขภาพ
วิทยาศาสตร์การแพทย์ และสุขภาพ
WM430 พ887ก 2565 ฉ.2 
  Barcode: 30204
ห้องสมุดวิทยาเขตนครสวรรค์
►หนังสือทั่วไป:l:General Books
บนชั้น

รายการใกล้เคียง
    ผู้แต่ง [เพ็ญนภา กุลนภาดล]

    หัวเรื่อง [การให้คำปรึกษาครอบครัว]
    หัวเรื่อง [จิตบำบัดครอบครัว]

BibComment


ยังไม่เคยถูกคอมเมนท์

คอมเมนท์ทรัพยากรรายการนี้
  คอมเมนท์: การปรึกษาครอบครั..


 Copyright 2026. Bcnsprnw @Library